000 00766nam0a22002651 4500
001 rc\3519123
005 20250610031201.0
021 _aRU
_b[72-70695]
035 _a(NLR Aleph) 007660642
090 _a6327623
_c6327623
100 _a20130115d1972 |||y0rusy50 ca
101 0 _arus
102 _aRU
105 _ab z |||||
200 1 _aНеотектоника Казанского Закамья
210 _aКазань
_cИзд-во Казан. ун-та
_d1972
215 _a76 с.
_cкарт.
_d20
320 _aСписок лит.: с. 72-75
606 _aТектоника
_yЗакамье
_2psbo
700 1 _aБурба
_bВ.И.
801 0 _aRU
_bNLR
_gpsbo
801 1 _aRU
_bELAR
_2rusmarc
852 _aNLR
_j72-4/23703
942 _cBOOK
980 _aNB